000 00320nam a22001337a 4500
008 171101b xxu||||| |||| 00| 0 eng d
020 _a9780808024958
041 _aeng
080 _22011 ED
_a33
100 _a59
101 _aBUS
245 _aBUSINESS AND INDUSTRIAL FINANCIAL RATIOS
_cTROY.L
942 _2udc
_cBK
999 _c36962
_d36962